000 00250nam a22000977a 4500
999 _c58111
_d58108
082 _aGSP
100 _aGeographic Society Pakistan
245 _aEducation Map Pakistan main rail Rod
260 _aKarachi
_bGeographic Society Pakistan
_c2017
942 _cBK